[Event "Manavgat Turkey Cup"]
[Site "Manavgat"]
[Date "2016.01.30"]
[Round "1"]
[White "Toren, Kadir"]
[Black "Kerem, Halil Ozgun"]
[Result "0-1"]
[WhiteElo "1400"]
[BlackElo "1848"]
[PlyCount "58"]
[EventDate "2016.01.30"]
[EventType "swiss"]
[EventRounds "11"]
[EventCountry "TUR"]
[SourceTitle "CBM 170 Extra"]
[Source "ChessBase"]
[SourceDate "2016.02.25"]
[SourceVersion "1"]
[SourceVersionDate "2016.02.25"]
[SourceQuality "1"]

1. e4 c5 2. Nf3 d6 3. Nc3 Nf6 4. d3 e6 5. Be2 Be7 6. 0-0 0-0 7. d4 cxd4 8. Nxd4 a6 9. Bf3 Nbd7 10. Nb3 Qc7 11. Bf4 Ne5 12. Bxe5 dxe5 13. a3 b5 14. Qd3 Bb7 15. Rfd1 Rac8 16. Rdc1 Rfd8 17. Qe3 h6 18. a4 b4 19. Ne2 Ne8 20. Ng3 Bg5 21. Qe2 Bxc1 22. Rxc1 Nd6 23. Bg4 Qc4 24. Qe3 Qc7 25. Qe2 a5 26. h4 Qc6 27. Bh3 Nxe4 28. Qh5 Qc4 29. Qe2 Nf6 0-1

[Event "Kemer Turkey Cup"]
[Site "Kemer"]
[Date "2014.02.07"]
[Round "8"]
[White "Kerem, Halil Ozgun"]
[Black "Tasan, Mehmet Askin"]
[Result "0-1"]
[WhiteElo "1628"]
[BlackElo "1948"]
[PlyCount "88"]
[EventDate "2014.02.01"]
[EventType "swiss"]
[EventRounds "9"]
[EventCountry "TUR"]
[SourceTitle "CBM 158 Extra"]
[Source "ChessBase"]
[SourceDate "2014.02.28"]
[SourceVersion "1"]
[SourceVersionDate "2014.02.28"]
[SourceQuality "1"]

1. e4 e6 2. d4 d5 3. exd5 exd5 4. Bf4 Nf6 5. Bd3 Bd6 6. Bxd6 Qxd6 7. Nf3 Qb4+ 8. Nbd2 0-0 9. Rb1 Re8+ 10. Kf1 Bg4 11. c3 Qd6 12. Qc2 Nbd7 13. h3 Bh5 14. b4 Re7 15. g3 Rae8 16. Kg2 Ne4 17. Rhf1 f5 18. Nh4 Qf6 19. Nxf5 Qxf5 20. f3 Nxd2 21. Bxf5 Re2+ 22. Kg1 Nxf3+ 23. Rxf3 Rxc2 24. Bxd7 Bxf3 25. Bxe8 Rg2+ 26. Kf1 Rxa2 27. Re1 Bg2+ 28. Kg1 Be4 29. Re3 Kf8 30. Bb5 Rd2 31. Be2 c6 32. Bg4 Ke7 33. Bf5 Kf6 34. Bc8 b6 35. Bb7 a5 36. bxa5 bxa5 37. Bxc6 g5 38. c4 Rxd4 39. cxd5 Bxd5 40. Bxd5 Rxd5 41. Ra3 Rf5 42. Ra4 Ke6 43. h4 gxh4 44. Rxh4 h5 0-1